[Event "Nizami Ganjavi 880 years U17"]
[Site "Tornelo INT"]
[Date "2021.04.03"]
[Round "5.9"]
[White "Garcia Andrada, Heidy Nicole"]
[Black "Kongskov, Andrea"]
[Result "1-0"]
[WhiteElo "1912"]
[BlackElo "1608"]
[PlyCount "63"]
[EventDate "2021.04.02"]
[EventType "team-swiss (blitz)"]
[EventRounds "9"]
[EventCountry "AZE"]
[SourceTitle "EXT 2023"]
[Source "ChessBase"]
[SourceDate "2022.10.05"]
[SourceVersion "1"]
[SourceVersionDate "2022.10.05"]
[SourceQuality "1"]
[WhiteTeam "Peru"]
[BlackTeam "Denmark"]
[WhiteTeamCountry "PER"]
[BlackTeamCountry "DEN"]

1. e4 c5 2. Nf3 d6 3. d4 cxd4 4. Nxd4 Nf6 5. f3 g6 6. c4 Bg7 7. Be3 0-0 8. Nc3 Nc6 9. Qd2 Bd7 10. Be2 Rc8 11. 0-0 Ne5 12. b3 Qc7 13. Rac1 a6 14. Rfd1 Nc6 15. Nd5 Nxd5 16. cxd5 Nxd4 17. Rxc7 Nxe2+ 18. Qxe2 Rxc7 19. Bb6 Rc3 20. Bd4 Bb5 21. Qf2 Bxd4 22. Qxd4 Rfc8 23. a4 Be2 24. Re1 Bd3 25. Qb4 b5 26. e5 dxe5 27. Qxe7 bxa4 28. bxa4 e4 29. d6 exf3 30. d7 f2+ 31. Kxf2 Rc2+ 32. Kg3 1-0

[Event "Nizami Ganjavi 880 years U17"]
[Site "Tornelo INT"]
[Date "2021.04.02"]
[Round "2.12"]
[White "Popovic, Mateja"]
[Black "Kongskov, Andrea"]
[Result "1-0"]
[WhiteElo "1712"]
[BlackElo "1608"]
[PlyCount "77"]
[EventDate "2021.04.02"]
[EventType "team-swiss (blitz)"]
[EventRounds "9"]
[EventCountry "AZE"]
[SourceTitle "EXT 2023"]
[Source "ChessBase"]
[SourceDate "2022.10.05"]
[SourceVersion "1"]
[SourceVersionDate "2022.10.05"]
[SourceQuality "1"]
[WhiteTeam "Montenegro"]
[BlackTeam "Denmark"]
[WhiteTeamCountry "MNE"]
[BlackTeamCountry "DEN"]

1. d4 Nf6 2. Nf3 d5 3. c4 c6 4. Nc3 Bf5 5. Bg5 e6 6. e3 h6 7. Bh4 Be7 8. cxd5 cxd5 9. Bb5+ Nbd7 10. Bxf6 Bxf6 11. Qa4 a6 12. Bxd7+ Qxd7 13. Qxd7+ Kxd7 14. Na4 Bd8 15. Nc5+ Ke7 16. Nxb7 Bb6 17. Ne5 Rhc8 18. Kd2 Rab8 19. g4 Be4 20. f3 Rxb7 21. fxe4 dxe4 22. a3 f6 23. Ng6+ Kf7 24. Nf4 Rbc7 25. Rhc1 g5 26. Ne2 f5 27. Ng3 f4 28. Rxc7+ Rxc7 29. Rf1 f3 30. Nxe4 Ke7 31. Rxf3 a5 32. Rh3 a4 33. Rxh6 Ba5+ 34. Kd3 Rb7 35. Rxe6+ Kxe6 36. Nc5+ Kf6 37. Nxb7 Be1 38. Nc5 Ke7 39. Nxa4 1-0

[Event "Wch FIDE Online U16 Girls Europe qual"]
[Site "Tornelo INT"]
[Date "2020.12.07"]
[Round "1"]
[White "Kongskov, Andrea"]
[Black "Demeter, Dorina"]
[Result "0-1"]
[WhiteElo "1607"]
[BlackElo "1885"]
[PlyCount "54"]
[EventDate "2020.12.07"]
[EventType "swiss (rapid)"]
[EventRounds "7"]
[EventCountry "ISS"]
[SourceTitle "EXT 2022"]
[Source "ChessBase"]
[SourceDate "2021.10.06"]
[SourceVersion "1"]
[SourceVersionDate "2021.10.06"]
[SourceQuality "1"]

1. e4 e5 2. Nf3 Nc6 3. d4 exd4 4. Bc4 Bc5 5. c3 Nf6 6. 0-0 Nxe4 7. Re1 d5 8. cxd4 Be7 9. Bb5 0-0 10. Nbd2 Bf5 11. Bxc6 bxc6 12. Ne5 Qd6 13. Qa4 c5 14. Nxe4 dxe4 15. Be3 cxd4 16. Bxd4 Bf6 17. Nc6 Bd7 18. Bxf6 Bxc6 19. Qc4 Qxf6 20. Rac1 Bb7 21. Qxc7 Qb6 22. Qe5 Rfe8 23. Qg3 Qg6 24. Qc7 Rab8 25. b3 e3 26. f3 Bxf3 27. Rf1 Qxg2# 0-1

[Event "EU-ch Online U16 Girls"]
[Site "Tornelo INT"]
[Date "2020.09.20"]
[Round "8"]
[White "Sloniewska, Alicja"]
[Black "Kongskov, Andrea"]
[Result "0-1"]
[WhiteElo "1414"]
[BlackElo "1608"]
[PlyCount "58"]
[EventDate "2020.09.18"]
[EventType "swiss (rapid)"]
[EventRounds "9"]
[EventCountry "NET"]
[SourceTitle "EXT 2023"]
[Source "ChessBase"]
[SourceDate "2022.10.05"]
[SourceVersion "1"]
[SourceVersionDate "2022.10.05"]
[SourceQuality "1"]
[WhiteTeam "Poland"]
[BlackTeam "Denmark"]
[WhiteTeamCountry "POL"]
[BlackTeamCountry "DEN"]

1. d4 Nf6 2. c4 d5 3. cxd5 Nxd5 4. e4 Nb6 5. Nc3 e6 6. Nf3 Nc6 7. Bb5 Bd7 8. 0-0 g6 9. Bg5 Ne7 10. Bf6 Bxb5 11. Nxb5 Rg8 12. Ng5 Qd7 13. Qe2 a6 14. Nc3 h6 15. Nh7 0-0-0 16. Be5 Bg7 17. Nf6 Bxf6 18. Bxf6 g5 19. a4 Kb8 20. a5 Nbc8 21. d5 exd5 22. Nxd5 Nxd5 23. Bxd8 Nf4 24. Bxc7+ Kxc7 25. Qe3 Qg4 26. Qc5+ Kb8 27. g3 Qh3 28. Qe5+ Ka8 29. gxf4 gxf4+ 0-1

[Event "EU-ch Online U16 Girls"]
[Site "Tornelo INT"]
[Date "2020.09.19"]
[Round "4"]
[White "Kongskov, Andrea"]
[Black "Kipluka, Anna Krista"]
[Result "1/2-1/2"]
[WhiteElo "1608"]
[BlackElo "1292"]
[PlyCount "98"]
[EventDate "2020.09.18"]
[EventType "swiss (rapid)"]
[EventRounds "9"]
[EventCountry "NET"]
[SourceTitle "EXT 2023"]
[Source "ChessBase"]
[SourceDate "2022.10.05"]
[SourceVersion "1"]
[SourceVersionDate "2022.10.05"]
[SourceQuality "1"]
[WhiteTeam "Denmark"]
[BlackTeam "Latvia"]
[WhiteTeamCountry "DEN"]
[BlackTeamCountry "LAT"]

1. e4 c6 2. d4 d5 3. Nc3 dxe4 4. Nxe4 h6 5. Nf3 Bf5 6. Bd3 e6 7. 0-0 Nd7 8. Re1 Bxe4 9. Bxe4 Ngf6 10. Bd3 Bd6 11. c4 0-0 12. h3 Qc7 13. c5 Bf4 14. Qb3 Bxc1 15. Raxc1 Nd5 16. Be4 N7f6 17. Bxd5 Nxd5 18. Ne5 a5 19. Nc4 a4 20. Qf3 Qf4 21. Qxf4 Nxf4 22. Rc3 Rfd8 23. Nd6 b6 24. Rf3 bxc5 25. dxc5 g5 26. g3 Nxh3+ 27. Kg2 g4 28. Rfe3 Rf8 29. f3 Ng5 30. fxg4 Ra5 31. Rc3 Rb8 32. b3 axb3 33. axb3 Ra2+ 34. Kf1 Rb2 35. Ree3 Rb1+ 36. Ke2 Rb2+ 37. Kd1 Rb1+ 38. Kc2 Rg1 39. Nc4 Rd8 40. Ne5 Rg2+ 41. Kc1 Rg1+ 42. Kb2 Rd2+ 43. Ka3 Ra1+ 44. Kb4 Ra6 45. Red3 Re2 46. Re3 Rd2 47. Red3 Re2 48. Re3 Rd2 49. Red3 Re2 1/2-1/2